000 00453nam a2200193Ia 4500
008 240510s9999 xx 000 0 und d
020 _a0009810237154
041 _aEng
082 _a006.425
082 _bL22
100 _aLEEE S.W.
245 0 _aADVANCES IN HANDWRITING RECOGNITION
260 _bNEW JERSEY : WORLD SCIENTIFIC
260 _c1999
300 _a587 p.
650 _aHANDWRITING RECOGNITION :
942 _2ddc
942 _cRBK
999 _c26920
_d26920
945 _a1
_bMadushi Gamage
_c1
_dMadushi Gamage